000 00588cab a2200229 4500
001 WB3212-48
008 090401t1996 xxu||||| |||| 00| 0 eng d
035 _a(Sirsi) u56767
041 _aeng
245 _aViager property deals
260 _c1996
350 _a0
490 _aEuropean
_v21-27 March 1996, 22(1)
520 _aReports on the pros and cons of viager property deals in France.
650 _aFRANCE
650 _aPROPERTY PURCHASE
650 _aVIAGER
690 _aOVERSEAS-EUROPE
690 _aPROPERTY LAW AND PRACTICE
942 _n0
948 _c04/03/1997
999 _c34650
_d34650